| 000 | 00739nam a2200217 i 4500 | ||
|---|---|---|---|
| 001 | 27880 | ||
| 003 | ES-MaACL | ||
| 005 | 20250723094621.0 | ||
| 007 | t| | ||
| 008 | 030115s1983 sp ||||1| spa d | ||
| 020 | _a84-7102-997-9 | ||
| 100 | 1 |
_aBabor, Joseph A. _924423 |
|
| 245 | 1 | 0 |
_aQuímica general moderna _b: una introducción a la química física y a la química descriptiva superior (inorgánica, orgánica y bioquímica) / _cpor Joseph A. Babor y José Ibarz Aznárez. |
| 260 |
_aBarcelona : _bManuel Marín, _c1983. |
||
| 300 |
_aXXIII, 1144 p. ; _c24 cm. |
||
| 500 | _aIndices. | ||
| 650 | 0 | 7 |
_aQuímica _2embne _916625 |
| 700 | 1 |
_aIbarz Aznárez, José. _964981 |
|
| 852 |
_aES-MaACL _jL-11411 |
||
| 999 |
_c27880 _d27880 |
||